Nízkonákladová letecká doprava v medzinárodnom cestovnom ruchu

Základné podmienky, ktoré determinujú úspešnosť nízkonákladovej leteckej dopravy na strane ponuky i na strane dopytu. Nízkonákladoví leteckí dopravcovia a nízkonákladový business model. Jednotná lietadlová flotila. Využívanie sekundárnych letísk. Organizácia priamych spojov. Priama distribúcia leten...

ver descrição completa

Na minha lista:
Detalhes bibliográficos
Autor principal: Novacká, Ľudmila, 1953-
Formato: Capítulo de Livro
Idioma:eslovaco
Assuntos:
Tags: Adicionar Tag
Sem tags, seja o primeiro a adicionar uma tag!

MARC

LEADER 00000naa$a2200000$$$4500
001 0052016
005 20240502071615.4
041 0 |a slo 
044 |a SK 
245 1 0 |a Nízkonákladová letecká doprava v medzinárodnom cestovnom ruchu  |c Ľudmila Novacká 
520 |a Základné podmienky, ktoré determinujú úspešnosť nízkonákladovej leteckej dopravy na strane ponuky i na strane dopytu. Nízkonákladoví leteckí dopravcovia a nízkonákladový business model. Jednotná lietadlová flotila. Využívanie sekundárnych letísk. Organizácia priamych spojov. Priama distribúcia leteniek formou e-ticketingu. Obmedzené doplnkové služby. Vyššia produktivita práce. 
610 2 0 |a doprava letecká 
610 2 0 |a náklady 
610 2 0 |a letiská 
610 2 0 |a letenky 
610 2 0 |a služby 
610 2 0 |a produktivita práce 
100 1 |a Novacká, Ľudmila, 1953-